£1.3m boost to encourage enterprise (Record no. 117379)
[ view plain ]
| 000 -LEADER | |
|---|---|
| fixed length control field | 01198cam a2200253 4500 |
| 001 - CONTROL NUMBER | |
| control field | WB4019-18 |
| 008 - FIXED-LENGTH DATA ELEMENTS--GENERAL INFORMATION | |
| fixed length control field | 040520n2004 000 0 eng u |
| 035 ## - SYSTEM CONTROL NUMBER | |
| System control number | (Sirsi) u126242 |
| 245 ## - TITLE STATEMENT | |
| Title | £1.3m boost to encourage enterprise |
| 260 ## - PUBLICATION, DISTRIBUTION, ETC. | |
| Date of publication, distribution, etc. | 2004 |
| 490 ## - SERIES STATEMENT | |
| Series statement | DTI Press Release |
| Volume/sequential designation | (P/2004/194) 19 May 2004 (3) |
| 520 ## - SUMMARY, ETC. | |
| Summary, etc. | Six housing asociations in the northeast, Humber and Yorkshire are to receive support from the Phoenix Fund which promotes enterprise in disadvantaged areas. The projects will provide £1.35m of aid over two years for start-ups, existing small businesses and social enterprises. They will be centred on the government's designated Enterprise Areas within Gloucester/Cheltenham, Newcastle, Hartlepool, Sunderland, Halifax and Bradford/Leeds. For the DTI press release: http://213.38.88.204/gnn/national.nsf/TI/CC43D72B2 66ADFB580256E99003D167A?opendocument |
| 590 ## - LOCAL NOTE (RLIN) | |
| Local note | WB |
| 590 ## - LOCAL NOTE (RLIN) | |
| Local note | WB |
| 650 ## - SUBJECT ADDED ENTRY--TOPICAL TERM | |
| Topical term or geographic name entry element | ENTERPRISE INITIATIVE |
| 650 ## - SUBJECT ADDED ENTRY--TOPICAL TERM | |
| Topical term or geographic name entry element | ENTERPRISE AREAS |
| 650 ## - SUBJECT ADDED ENTRY--TOPICAL TERM | |
| Topical term or geographic name entry element | PHOENIX FUND |
| 650 ## - SUBJECT ADDED ENTRY--TOPICAL TERM | |
| Topical term or geographic name entry element | HOUSING ASSOCIATIONS |
| 650 ## - SUBJECT ADDED ENTRY--TOPICAL TERM | |
| Topical term or geographic name entry element | SMALL BUSINESSES |
| 650 ## - SUBJECT ADDED ENTRY--TOPICAL TERM | |
| Topical term or geographic name entry element | LOCAL COMMUNITIES |
| 650 ## - SUBJECT ADDED ENTRY--TOPICAL TERM | |
| Topical term or geographic name entry element | BUSINESS START-UPS |
| 690 ## - LOCAL SUBJECT ADDED ENTRY--TOPICAL TERM (OCLC, RLIN) | |
| Topical term or geographic name as entry element | REGENERATION |
| 942 ## - ADDED ENTRY ELEMENTS (KOHA) | |
| Suppress in OPAC | 0 |
| Withdrawn status | Lost status | Source of classification or shelving scheme | Damaged status | Not for loan | Home library | Current library | Shelving location | Date acquired | Total Checkouts | Full call number | Barcode | Date last seen | Copy number | Price effective from | Koha item type |
|---|---|---|---|---|---|---|---|---|---|---|---|---|---|---|---|
| Dewey Decimal Classification | London | London | News article | 20/05/2004 | WB4019-18 | 126242-1001 | 06/08/2019 | 1 | 06/08/2019 | News article |